000 00584nam a2200241Ia 4500
008 160803s9999 xx 000 0 und d
020 _a9780590431194
100 _aCarle, Eric
245 4 _aThe very busy spider /
260 _aNew York :
260 _bScholastic Inc.
260 _c1984
300 _a24 unnumbered pages :
300 _bcolor illustrations ;
300 _c21 x 29 cm
650 _aDomestic animals --
650 _aSpider webs --
650 _aSpiders --
650 _xFiction.
650 _xFiction.
650 _xFiction.
700 _a130
999 _c298937
_d298937